00382nam a22001457a 450000500170000000800410001704000210005804100080007908200180008710000320010524500420013726000280017930000090020765000200021620250325102425.0250325b |||||||| |||| 00| 0 eng d aIN-DiNCcIN-DiNC dasm a891.4511bBAI aBaidya, Kripasindhueauthor aKabita malika/cby Kripasindhu Baidya aNaharkatia:bn.a.c2017 a71p. aAssamese poetry